000 00381nam a2200145Ia 4500
008 230312s9999||||xx |||||||||||||| ||und||
020 _a0-7817-2881-9
082 _a616.07
_bPOR-P
100 _aPorth;carol,mattson
245 0 _aPathophysiology concepts of altered health states
260 _bLipponcott
_aUK
_c2002
300 _a1524
650 _aMedical
_vPhysiology
942 _cBK
999 _c2758
_d2758